000 00659cam a22002173a 4500
001 41669
003 PGUSA
005 20140828083936.0
008 121220s2012||||xxu|||||s|||||000 | eng d
040 _aPGUSA
_beng
042 _adc
100 1 _aHall, A. Neely
245 1 0 _aHome-made Toys for Girls and Boys :
_bWooden and Cardboard Toys, Mechanical and Electric Toys
_h[electronic resource] /
_cA. Neely Hall
260 _bProject Gutenberg,
_c2012
506 _aPublic domain in the USA.
516 _aElectronic text
700 1 _aHall, Tom P.
830 0 _aProject Gutenberg
_v41669
856 4 0 _uhttp://www.gutenberg.org/ebooks/41669
942 _cEB
999 _c270921
_d270921